000 00909nam a2200253Ia 4500
003 OSt
005 20221005102834.0
006 a|||||r|||| 00| 0
007 ta
008 221004b |||||||| |||| 00| 0 hin d
024 _a32478
037 _cTextual
040 _aCRL
_cCRL
_bhin
041 _2hin
_ahin
082 _aO152,1N:g, L9
100 _aसक्सेना, द्वारिकाप्रसाद
245 0 _aहिन्दी के आधुनिक प्रतिनिधि कवि
246 _aHindī ke ādhunik pratinidhi kavi
260 _aआगरा
_bविनोद पुस्तक मन्दिर
_c1979
300 _a528पृ.
_ccm.
650 _aहिन्दी साहित्य
942 _hO152,1N:g, L9
_cTEXL
_2cc
999 _c1009033
_d1009033